000 00654nam a22002057a 4500
999 _c7790
_d7790
003 AR-CdUCM
008 190321b ||||| |||| 00| 0 spa d
020 _a978-987-22149-1-3
040 _aMUNICIPALIDAD PROVINCIAL DEL CUSCO
_cBIBLIOTECA MUNICIPAL DEL CUSCO
082 _a779.598 /
_bP84
100 _aPrados, Gonzalo
_913418
245 _aAcariciando el viento :
_bMampu Penque /
260 _aMartínez :
_bPapiers,
_c2008.
300 _a112 páginas ;
_bfotografías,
_c17 cm.
505 _aContenido: Fotografías de aves argentinas.
650 _aArgentina
_9511
650 _afotografía de aves
_922016
942 _2ddc
_cLIBROS
945 _araen